Statistics for nfl players colleges

Click here to take the quiz!

General Stats

  • This quiz has been taken 37 times
  • The average score is 11 of 16

Answer Stats

challengeAnswer% Correct
tom bradymichigan
97%
kyler murrayoklahoma
97%
sam darnoldusc
94%
carson wentznorth dakota state
91%
josh allenwyoming
91%
matt ryanboston college
88%
jared goffcalifornia
88%
daniel jonesduke
88%
derek carrfresno state
84%
josh jacobsalabama
81%
jimmy garoppoloeastern illinois
66%
blake bortlesucf
59%
corey clementwisconsin
28%
dallas goedertsouth dakota state
16%
matt breidageorgia southern
3%
david mooreeast central (ok)
0%

Score Distribution

Percentile by Number Answered

Percent of People with Each Score

Your Score History

You have not taken this quiz